000 00640nam a2200253Ia 4500
003 GCL
008 140319s9999 xx 000 0 eng d
040 _aGCL /
_cGCL
082 0 4 _a745.1
_bM M
100 1 _aMILLER, MARTIN
245 1 0 _aMILLER'S UNDERSTANDING ANTIQUES /
_cMILLER, MARTIN
700 1 _aMILLER, JUDITH
260 _a[S.N] :
_bMITCHELL BEAZLEY ،
_c1994
300 _a272 P
650 0 4 _aANTIQUITIES
650 0 4 _aARMS AND ARMOUR
650 0 4 _aART
650 0 4 _aFURNITURE
650 0 4 _aDECORATIVE ARTS
650 0 4 _aGLASS
650 0 4 _aDECORATION AND ORNAMENT
650 0 4 _aRUGS AND CARPETS
942 _2ddc
_cBK
999 _c13630
_d13630